Les Simpson - Homer - Statistiques

Statistiques générales
  • Ce quiz a été pris 770 fois
  • Le résultat moyen est 6 sur 10
Statistiques - réponses
Question Réponse % Correct
Dans quel lieu travaille Homer ? une centrale nucléaire
99%
Quelle est la nourriture favorite d'Homer ? les donuts
98%
Comment aime-t-il passer ses soirées ? à boire chez Moe
93%
Quelle expression dit-il souvent ? d'oh
91%
Quel nom a-t-il choisi quand il est devenu un super héros ? Tarte Man
56%
Comment s'appelle le chien à qui il a donné sa voix dans Itchy et Scratchy ? Poochie
54%
Avec qui a-t-il formé un groupe de chanteurs dans sa jeunesse ? Apu, Barney, Skinner
43%
Quel jour est-il né ? un 12 mai
33%
Quand il intègre la secte des Mouvementariens, quelle est la première chose qu'il fait en arrivant ? il pêche
16%
Dans la confrérie des tailleurs de pierre, quel numéro portait-il ? 908
15%
Aucun quiz correspondant
Distribution des résultats
% des personnes avec chaque résultat
Percentile par nombre de réponses
Votre historique - résultats
Vous n’avez pas pris ce quiz